00862nam a2200121 4500008001300000082001800013100003400031245003100065260002200096300002900118505051300147650008000660700.74 S493f a700.74bS493f aMattos, Josué (curaduría) aFrestas:bTrienal de artes aSão Pauloc2015 a70 p.billc25 x 20.5 cm tO que seria do mundo sem as coisas que não existem? - What would be of the world without the thing that do not exist?tNossa proposição é o dialogo - Our proposition is the dialoguetAteliê aberto para a invenção do inexistente: daqui até AÍ - Open studio for the invention of the Nonexistent: from here to TheretPoipoidrome - PoipoidrometO inexistente é insistência - The nonexistent is insistnecetAteliê de pesquisa em poéticas visuais - Studio for Research into Visual Poetics xarte contemporáneoxBrasilxarte - exhibicionesxarte - proyecto sorocaba